Contemporary engineering economics (Record no. 2014)

000 -LEADER
fixed length control field 00571nam a22002054a 4500
001 - CONTROL NUMBER
control field 2014
003 - CONTROL NUMBER IDENTIFIER
control field BD-DhUET
008 - FIXED-LENGTH DATA ELEMENTS--GENERAL INFORMATION
fixed length control field 160220b xxu||||| |||| 00| 0 eng d
020 ## - INTERNATIONAL STANDARD BOOK NUMBER
International Standard Book Number 0130893102
040 ## - CATALOGING SOURCE
Original cataloging agency DLC
Transcribing agency DLC
Modifying agency BD-DhUET
Language of cataloging 0
082 00 - DEWEY DECIMAL CLASSIFICATION NUMBER
Classification number 658.15
Item number PAR/2002
100 1# - MAIN ENTRY--PERSONAL NAME
Personal name Park, Chan S.
245 10 - TITLE STATEMENT
Title Contemporary engineering economics
Statement of responsibility, etc. by Chan S. Park
250 ## - EDITION STATEMENT
Edition statement 3rd ed.
260 ## - PUBLICATION, DISTRIBUTION, ETC. (IMPRINT)
Place of publication, distribution, etc. New Jersey
Name of publisher, distributor, etc. Prentice Hall
Date of publication, distribution, etc. 2002
300 ## - PHYSICAL DESCRIPTION
Extent xxxi, 920 p.
Other physical details ill. (some col.), map
Dimensions 24 cm.
504 ## - BIBLIOGRAPHY, ETC. NOTE
Bibliography, etc Includes bibliographies
650 #0 - SUBJECT ADDED ENTRY--TOPICAL TERM
Topical term or geographic name as entry element Engineering economy
942 ## - ADDED ENTRY ELEMENTS (KOHA)
Koha item type General Book
Holdings
Koha date last seen Koha issues (times borrowed) Price effective from Location (home branch) Copy number Koha item type Lost status Damaged status Sublocation or collection (holding branch) Not for loan Koha full call number Withdrawn status Koha date last borrowed Source of classification or shelving scheme Date acquired Piece designation (barcode) Shelving location Koha normalized classification for sorting
2014-09-16 2014-09-16Central Library, BUET1General Book  Central Library, BUET 658.15/PAR/2002   2014-09-16102575Circulation section658_000000000000000_15PAR2002
2014-09-16 2014-09-16Central Library, BUET2General Book  Central Library, BUET 658.15/PAR/2002   2014-09-16102580Circulation section658_000000000000000_15PAR2002
2019-04-1312014-09-16Central Library, BUET3General Book  Central Library, BUET 658.15/PAR/2002 2018-11-12 2014-09-16102574Circulation section658_000000000000000_15PAR2002
2014-09-16 2014-09-16Central Library, BUET4General Book  Central Library, BUET 658.15/PAR/2002   2014-09-16102579Circulation section658_000000000000000_15PAR2002
2014-09-16 2014-09-16Central Library, BUET5General Book  Central Library, BUET 658.15/PAR/2002   2014-09-16102581Circulation section658_000000000000000_15PAR2002
2014-09-16 2014-09-16Central Library, BUET6General Book  Central Library, BUET 658.15/PAR/2002   2014-09-16102576Circulation section658_000000000000000_15PAR2002
2014-09-16 2014-09-16Central Library, BUET7General Book  Central Library, BUET 658.15/PAR/2002   2014-09-16102578Circulation section658_000000000000000_15PAR2002
2014-09-16 2014-09-16Central Library, BUET8General Book  Central Library, BUET 658.15/PAR/2002   2014-09-16102577Circulation section658_000000000000000_15PAR2002
2014-09-16 2014-09-16Central Library, BUET9General Book  Central Library, BUET 658.15/PAR/2002   2014-09-16102573Circulation section658_000000000000000_15PAR2002
2017-04-15 2017-04-15Central Library, BUET10General Book  Central Library, BUET 658.15/PAR/2002   2006-06-26102582Circulation section658_150000000000000_PAR_2002